| 000 | 00497 a2200205 4500 | ||
|---|---|---|---|
| 001 | 12662 | ||
| 020 | _a9788516071073 | ||
| 041 | _apor | ||
| 090 | _aP Year 2 028 | ||
| 100 | _aWalton, Ruth. | ||
| 250 | _a1. ed. | ||
| 490 | _aSérie descoberta | ||
| 697 | _aLiteratura infanto-juvenil | ||
| 830 | _aSérie descoberta | ||
| 856 | _u000024/0000248c.jpg | ||
| 040 |
_aBR-BrIDEA _cBR-BrIDEA |
||
| 245 | 1 | 0 |
_aVamos fazer um bolo? _c Ruth Walton |
| 260 |
_a[S.l.] _bModerna _c2012 |
||
| 942 | _cBK | ||
| 999 |
_c12662 _d12662 |
||